|
|
|
|
| LEADER |
00000nam a2200000 4500 |
| 008 |
150811b2013 cr ||||| |||| 00| | spa d |
| 020 |
|
|
|a 9789968787147
|
| 090 |
|
|
|a 14.02.03
|b 1444
|
| 100 |
1 |
|
|9 767
|a León Zúñiga, Lilliana
|e Compiladora
|
| 245 |
1 |
0 |
|a Mujeres, economía solidaria y consumo responsable: VII concurso de mujeres: voces, imágenes y testimonios 2013 /
|c Lilliana León Zúñiga, compilación y edición
|
| 260 |
|
|
|a San José, Costa Rica
|b Centro de Comunicación Voces Nuestras,
|c 2013
|
| 300 |
|
|
|a 213 páginas;
|b ilustraciones
|
| 650 |
1 |
4 |
|9 55
|a MUJERES
|
| 650 |
1 |
4 |
|9 69
|a GÉNERO
|
| 650 |
1 |
4 |
|9 422
|a RELATOS PERSONALES
|
| 942 |
|
|
|i 003934
|h 14.02.03 1444
|2 z
|c 01
|
| 999 |
|
|
|c 2798
|d 2798
|